نزهة الالباء في طبقات الادباء = Nuzhat al - alibba fi tabaqat al - Udaba ' / (Record no. 79401)
[ view plain ]
| 000 -LEADER | |
|---|---|
| fixed length control field | 01175nam a2200289 a 4500 |
| 001 - CONTROL NUMBER | |
| control field | 79401 |
| 003 - CONTROL NUMBER IDENTIFIER | |
| rucl marc code | BD-RjUL |
| 005 - DATE AND TIME OF LATEST TRANSACTION | |
| control field | 20220216124046.0 |
| 008 - FIXED-LENGTH DATA ELEMENTS--GENERAL INFORMATION | |
| fixed length control field | 220219s19621963sw 000 0 ara d |
| 035 ## - SYSTEM CONTROL NUMBER | |
| System control number | (BD-RjUL)79401 |
| 040 ## - CATALOGING SOURCE | |
| Original cataloging agency | BAR |
| Language of cataloging | eng |
| Transcribing agency | BD-RjUL |
| 041 ## - LANGUAGE CODE | |
| Language code of text/sound track or separate title | ara |
| 082 ## - DEWEY DECIMAL CLASSIFICATION NUMBER | |
| Edition number | 23 |
| Classification number | 297.092079 |
| Author mark and year | ANN 1963 |
| 092 ## - LOCALLY ASSIGNED DEWEY CALL NUMBER (OCLC) | |
| Classification number | 892.7941 ANB n |
| 100 1# - MAIN ENTRY--PERSONAL NAME | |
| Personal name | Anbari, Abu Al-Barakat ;; الانباري, ابو البركات |
| Dates associated with a name | 1119-1181. |
| 9 (RLIN) | 1403 |
| 245 10 - TITLE STATEMENT | |
| Title | نزهة الالباء في طبقات الادباء = Nuzhat al - alibba fi tabaqat al - Udaba ' / |
| Statement of responsibility, etc. | لابي البركات الانباري؛ تحقيق عطية عامر.= D' Al-Anbari; Investigated by Atiya Amer. |
| 246 33 - VARYING FORM OF TITLE | |
| Title proper/short title | Nuzhat al-Alibba fi Tabaqat al-Udaba d'al-Anbari |
| 260 ## - PUBLICATION, DISTRIBUTION, ETC. (IMPRINT) | |
| Place of publication, distribution, etc. | Stockholm : |
| Name of publisher, distributor, etc. | Almqvist & Wiksell, |
| Date of publication, distribution, etc. | [1963]. |
| 300 ## - PHYSICAL DESCRIPTION | |
| Pagination | 268، XXXVI ص. ; |
| Size | 24 س. |
| 500 ## - GENERAL NOTE | |
| General note | مع ص.ع. ومقدمة بالفرنسية |
| 650 #4 - SUBJECT ADDED ENTRY--TOPICAL TERM | |
| Topical term or geographic name as entry element | Muslim scholars |
| 9 (RLIN) | 1405 |
| Topical term or geographic name as entry element | Authors, Arab |
| 9 (RLIN) | 1406 |
| 700 1# - ADDED ENTRY--PERSONAL NAME | |
| Personal name | عامر، عطية |
| Personal name | Ibn al-Anbārī, ʻAbd al-Raḥmān ibn Muḥammad, |
| Dates associated with a name | 1119-1181. |
| 942 ## - ADDED ENTRY ELEMENTS (KOHA) | |
| Source of classification or shelving scheme | Dewey Decimal Classification |
| Koha item type | Books |
| Lost status | Source of classification or shelving scheme | Damaged status | Not for loan | Collection code | Permanent Location | Current Location | Shelving location | Date acquired | Total Checkouts | Full call number | Date last seen | Copy number | Koha item type |
|---|---|---|---|---|---|---|---|---|---|---|---|---|---|
| Dewey Decimal Classification | Not For Loan | Non-fiction | Central Library, University of Rajshahi | Central Library, University of Rajshahi | Reading Room | 16/02/2022 | A 297.092079 ANN 1963 | 16/02/2022 | C-1 | Books |